How I Met Your Mother Characters by Image Quiz Stats

 Plays Quiz Updated Dec 10, 2018

Challenge
Share
Tweet
Score 0/25 Timer 06:00
0 Plays Today
% Correct
Ted Mosby
98.5%
Barney Stinson
98.4%
Robin Scherbatsky
96.5%
Lily Aldrin
96.2%
Marshall Eriksen
95.5%
Stella Zinman
73.4%
Victoria
66.7%
Bill 'Scooter'
54.8%
Zoey Pierson
54.4%
Ranjit
50.8%
Adam 'Punchy' Punciarello
47.6%
Nora
45.7%
Wendy the Waitress
44.9%
% Correct
Sandy Rivers
44.3%
James Stinson
41.3%
Don Frank
41.1%
Kevin
40.4%
Brad
37.8%
Karen
32.2%
Gael
31.3%
Loretta Stinson
28.1%
Stuart
25.7%
Arthur Hobbs
22.4%
Jerome Whittaker
19.2%
Virginia Mosby
15.7%

You're not logged in!

Compare scores with friends on all Sporcle quizzes.
OR
Log In

You Might Also Like...

Show Comments

Extras

Top Quizzes Today


Score Distribution

Your Account Isn't Verified!

In order to create a playlist on Sporcle, you need to verify the email address you used during registration. Go to your Sporcle Settings to finish the process.

Report this User

Report this user for behavior that violates our Community Guidelines.

Details: